000 00546nam a2200169 i 4500
001 79627
003 ES-MaACL
005 20230906174022.0
007 t|
008 041022s1967 sp ||||1| spa d
100 1 _aHerrera Blanco, Emilio.
_963213
245 1 0 _aIV Comunicación que efectúa Emilio Herrera Blanco sobre sus investigaciones respecto a la etiología del cáncer.
260 _aSevilla :
_b[s.n.],
_c1967.
300 _a36 p., 18 lám. ;
_c24 cm.
650 0 4 _aCáncer-
_xEtiología.
_910719
852 _aES-MaACL
_jC-33001
_bR.63689
999 _c79627
_d79627